An account of the measurement of a geodetic base line at Lossiemouth, in 1909, together with a discussion on the theory of measurement by metal tapes and wires in Catenary (Record no. 113202)

MARC details
000 -LEADER
fixed length control field 00748cam a22002055a 4500
001 - CONTROL NUMBER
control field L154857
008 - FIXED-LENGTH DATA ELEMENTS--GENERAL INFORMATION
fixed length control field 120124s1912 xxk f 000 0 eng d
035 ## - SYSTEM CONTROL NUMBER
System control number (Sirsi) u154857
041 0# - LANGUAGE CODE
Language code of text/sound track or separate title eng
050 04 - LIBRARY OF CONGRESS CALL NUMBER
Classification number 522.14 $2 18
110 1# - MAIN ENTRY--CORPORATE NAME
Corporate name or jurisdiction name as entry element Ordnance Survey
9 (RLIN) 1860
245 03 - TITLE STATEMENT
Title An account of the measurement of a geodetic base line at Lossiemouth, in 1909, together with a discussion on the theory of measurement by metal tapes and wires in Catenary
260 ## - PUBLICATION, DISTRIBUTION, ETC.
Place of publication, distribution, etc. London
Name of publisher, distributor, etc. HMSO
Date of publication, distribution, etc. 1912
300 ## - PHYSICAL DESCRIPTION
Extent 39p.
Other physical details ill.
Dimensions 31cm.
490 #0 - SERIES STATEMENT
Series statement Ordnance Survey Professional Papers
Volume/sequential designation (1) new series
520 ## - SUMMARY, ETC.
Summary, etc. Tests the accuracy of the Principal Triangulation of the United Kingdom.
651 #4 - SUBJECT ADDED ENTRY--GEOGRAPHIC NAME
Geographic name United Kingdom
Chronological subdivision
690 ## - LOCAL SUBJECT ADDED ENTRY--TOPICAL TERM (OCLC, RLIN)
Topical term or geographic name as entry element Measurement
9 (RLIN) 6256
942 ## - ADDED ENTRY ELEMENTS (KOHA)
Suppress in OPAC 0
Holdings
Withdrawn status Lost status Source of classification or shelving scheme Damaged status Not for loan Home library Current library Shelving location Date acquired Total Checkouts Full call number Barcode Date last seen Copy number Price effective from Koha item type
    Dewey Decimal Classification     London London Basement 24/01/2012   RESERVE 30013833 06/08/2019 1 06/08/2019 Book